00390nam a2200145Ia 4500008004100000020001500041041001200056082001600068100001700084245006700101260003600168300000800204650001500212700001700227221030s9999 xx 000 0 und d a9971512521 aEnglish a105.23bMer aJ. L. Meriam 0aEngineering Mechanics - Staticscby J. L. Meriam, L. G. Kraige bJohn Wiley & SonsaMumbaic1999 a524 aMechanical aL. G. Kraige